000 00569cam a2200217ua 4500
001 9807
008 160903n ii |||gr||||Z||||||eng
020 _a9789339221188
040 _cMAIN
041 _aeng
082 _a339
100 _aDornbusch, Rudiger,
_eAuthor.,
245 _aMacroeconomics
_cBy Rudiger Dornbusch and others
250 _a11th ed.
260 _aNew Delhi:
_bMcGraw Hill,
_c2015.
300 _a639p.
653 _aMacroeconomics & related topics
700 _aFischer, Stanley,
_eAuthor.
700 _aStartz, Richard,
_eAuthor.
942 _cBK
999 _c8817
_d8817